| 000 | 00475nab a2200145Ia 4500 | ||
|---|---|---|---|
| 003 | ES-SlBCS | ||
| 005 | 20210601124324.0 | ||
| 008 | 140529s1992 xxu||||| |||| 00| 0 eng d | ||
| 041 | _aeng | ||
| 100 | 1 |
_aDouglas Franzosa, Susan _9139411 |
|
| 245 | 0 | 0 |
_aAuthoring the Educated Self: Educational Autobiography and Resistance _c Susan Douglas Franzosa |
| 650 | 0 | 4 |
_aEducación _986687 |
| 773 | 0 |
_tEducational Theory _gvol. 42, nº. 4, 1992, págs. 395-412 _wRev1399 |
|
| 942 | _cAR | ||
| 999 |
_c512913 _d512913 |
||